MDQL
is popping MORE tags! Check the
thread
!
Quizzes
Events
Quiz Creation
Community
Videos
Private Events
Remove Ads
Sign In
Join for FREE
Feedback
Dark Mode
Quiz Categories
Sports
Geography
Music
Movies
Television
Just For Fun
Miscellaneous
History
Literature
Language
Science
Gaming
Entertainment
Religion
Holiday
For Kids
Quiz Lab
Recent
Popular Today
Quiz Kudos Today
Editor Picks
Curator Picks
Quizzes by...
Day
Popularity
Type
Ratings
Length
Year
Community
Subscriptions
Recent Discussions
Orange Saloon
Badges
Playlists
Quests
Create
Leaderboards
Showdown
Live 5
Trivia Bingo
Activity
Puzzle Library
Sporcle Events
Private Events
Virtual Trivia
Globe League
Become a Host
Pub Owners
SporcleCon
Opinionation
Our Games
Videos
Blog
Mobile Apps
Partnerships
Remove Ads and Go Orange
Feedback
Music
Pop Music
The Beatles
Song
Album
Lyrics
Bands
Singers
Artist
Clip
Rock
Rap
Classical
Billboard
Country Music
Kpop
Taylor Swift
Music
Pop Music
The Beatles
Song
Album
Lyrics
Bands
Singers
Artist
Clip
Rock
Rap
Classical
Billboard
Country Music
Kpop
Taylor Swift
Random Quiz
Search Sporcle
×
Quiz Lab
Quiz Lab
Music
Song
Type in answers that appear in a list
Type in answers that appear in a list
Classic
Best Score? Go Orange.
Name the song from an incorrect title Stats
Can you name the song from an incorrect title?
By
Aaron_Kashtan
10m
20 Questions
21 Plays
21 Plays
21 Plays
Comments
Comments
Give Quiz Kudos
Give Quiz Kudos
-
- Ratings
hide this ad
More Info
Forced Order
Answers have to be entered in order
Answers have to be entered in order
Replay
Link that replays current quiz
Next Quiz
Link to next quiz in quiz playlist
You Got
0%
They Got
Avg Score
38%
Avg Friend Score
Upgrade to see
Score Distribution
Jump to the score distribution portion of the page
Score
0/20
Timer
10:00
0
Plays Today
Hint
Answer
% Correct
'Hi De Hi De Ho' by Cab Calloway
Minnie the Moocher
71.4%
'Didn't I See You Crying' by Cheap Trick
I Want You to Want Me
66.7%
'Love After Love' by Cher
Believe
61.9%
'I Couldn't Ask for Another' by Deee-
Lite
Groove Is in the Heart
61.9%
'Two Girls for Every Boy' by Jan & Dean
Surf City
57.1%
'All I Ever Wanted' by Depeche Mode
Enjoy the Silence
52.4%
'Wake Me Up Inside' by Evanescence
Bring Me to Life
47.6%
'Every Time I See You Falling' by New Order
Bizarre Love Triangle
47.6%
'I Will Understand' by Third Eye Blind
Jumper
47.6%
'Not Your Fault But Mine' by Mumford & Sons
Little Lion Man
38.1%
Hint
Answer
% Correct
'This is What You Get When You Mess with Us' by Radiohead
Karma Police
38.1%
'Into the Flood Again' by Alice in Chains
Would?
28.6%
'Forever and Ever' by Aretha Franklin
I Say a Little Prayer
28.6%
'I Don't Like What You Got Me Hanging From' by Soundgarden
Pretty Noose
28.6%
'Step Into a World' by Blondie
Rapture
19%
'Valderi Valdera' by the Obernkirchen Children’s Choir
The Happy Wanderer
19%
'Why Can't I Get Just One Kiss' by Violent Femmes
Add It Up
19%
'The Devil in Disguise' by the Flying Burrito Brothers
Christine's Tune
9.5%
'Tie Another One to the Racks' by R.E.M.
Drive
9.5%
'You're the Great Jesus Christ' from Jesus Christ Superstar
King Herod's Song
9.5%
Quiz Playlist
Details
Report
Send in Message
Add To Playlist
More Info:
Each of these is a plausible but wrong title for a song. Give the actual title.
Classic:
Type in answers that appear in a list
Forced Order:
Answers have to be entered in order
Last Updated: May 26, 2017
Quiz Scoreboard
CHALLENGE
Sign Up to Join the Scoreboard
Show All
Scores
Hide
Comments
May contain spoilers
Recently Published
Colored Red Africa Blitz
by spor1
Geography
30s
Find the 'City' Movie
by crazypaving
Movies
60s
5x2 Blitz: Bands
by SL_Kpop136
Music
30s
More to Explore
Quiz From the Vault
Featured Blog Post
14 Easter Pick-up Lines to Find Eggs With
hide this ad
You Might Also Like...
Tags
Song Quiz
incorrect
Today's Top Quizzes in Music
Browse Music
hide this ad
Today's Top Quizzes in Song
Browse Song
Top Contributed Quizzes in Music
1
5X2 Blitz: Bands II
2
5X2 Blitz: The Beatles
3
Taylor Swift All Songs (2024)
4
5X2 Blitz: Billboard
5
Taylor Swift Logic Puzzle II
6
5X2 Blitz: Billboard II
7
Taylor Swift Logic Puzzle
8
5X2 Blitz: Rock
9
5X2 Blitz: Singers
10
5X2 Blitz: Album
Explore More
Trending Topics
Marvel
NBA
Kpop
Crossword
Disney
Harry Potter
Anime
Soccer
WWE
NFL
The Office
Country
Puzzle
Song
Pokémon
hide this ad
More By:
Aaron_Kashtan
Quiz
Plays
Rating
Category
Featured
Created
Magic: The Gathering color combinations
5,091
3.86
Gaming
Jan 18, 2016
Wars with unusual names
2,647
4.87
History
Jun 28, 2013
Villains of the first 300 issues of Spider-Man
2,445
4.20
Entertainment
Sep 5, 2012
Nobel Prize in Physics
1,981
3.63
Science
Sep 23, 2009
TSPDT Top 100 Directors
1,804
4.00
Movies
Oct 10, 2010
Go to Creator's Profile
Score Distribution
Quiz Creator Spotlight
Aaron_Kashtan
Follow
Send a Message
Quizzes Created
-
Created Quiz Play Count
-
More By This Creator
Popular Quizzes Today
1
Colored Red Africa Blitz
2
Find the 'City' Movie
3
Find the US States - No Outlines Minefield
4
5x2 Blitz: Bands
5
The Countries of the World
6
Find the US States
7
US States
8
Find the Countries of Europe - No Outlines Minefield
More Music Quizzes
11 Minutes Halsey & YungBlud Lyrics
Quiz Lab
Trending Quizzes
Colored Red Europe Blitz I
Colored Red Africa Blitz II
Colored Red Europe Blitz II
Colored Red Africa Blitz III
Colored Red Europe Blitz III
Recently Updated
How Do You Spell That?
pecheneg
Godzilla Movies
pecheneg
Grab Bag: 4-10 Letters
pecheneg
2024 March Madness Bracket
pecheneg
Famous TV Couples
Peacemaker
Champions League XIs: Real Madrid
pecheneg
Largest US Cities 1790-2010
pecheneg
Rides in Walt Disney World
pecheneg
Most Oscar Losses (Acting)
pecheneg
Beyoncé Albums
pecheneg
Trending Topics
Anime
Disney
Marvel
Harry Potter
NBA
Kpop
Crossword
Pokémon
WWE
Puzzle
Song
Country
The Office
Soccer
NFL
Your Account Isn't Verified!
In order to create a playlist on Sporcle, you need to verify the email address you used during registration. Go to your
Sporcle Settings
to finish the process.
Report this User
Report this user for behavior that violates our
Community Guidelines
.
Details:
Send Report
Go to the Sporcle.com Mobile Site →
Comments